00538nam a2200193 a 4500001001300000003000900013005001700022008004100039020002300080082001900103100001800122245006700140260003900207300000900246500003500255505002400290650001200314700001800326nice12345678IN_TiNIC20260116013226.0050524s1995 dela grp 000 0 eng  a8120887 c25000a294.5513bSCH1 aSchouten, J P aRevolution of the Mystics on the Social Aspects of Virasaivism aDelhi bMotilal Banarsidass c1995 a330p aincludes index and biblioraphy2 aBibliography, Index aSaivism1 aSchouten, J P